Тест на общие знания №52 - Statistics

General Stats
  • This quiz has been taken 38 times
  • The average score is 8 of 20
Answer Stats
Вопрос Ответ % Correct
Что известно как "блюдо, которое подают холодным"? месть
94%
В кого превратился гадкий утёнок? лебедь
88%
Какой журнал с периодичностью ведёт рейтинг богатейших людей мира? "Forbes"
88%
У какой серии фильмов есть фильмы с подзаголовками "На странных берегах", "Мертвецы не рассказывают сказки" и "Проклятие Чёрной жемчужины"? "Пираты Карибского моря"
63%
Какое число в русском лото носит неофициальное название "гуси-лебеди"? 22
56%
Какое слово можно применить как к машине с двумя источниками энергии, так и к результату скрещивания двух разных животных? гибрид
53%
Как зовут избранного из фильма "Матрица"? Нео
53%
Как называется прямая, соединяющая концы дуги? хорда
44%
У моряков - гальюн. Что у сухопутных? туалет
38%
Кто сказал: "Бог - мёртв!"? Фридрих Ницше
38%
Название какого фрукта происходит от словосочетания на нидерландском, означающего "китайское яблоко"? апельсин
34%
Какой вид спорта находится в центре сюжета аниме-сериала "Синяя тюрьма"? футбол
31%
Какой прибор измеряет силу и момент силы? динамометр
31%
Помимо сапфира, какой ещё драгоценный камень является разновидностью корунда? рубин
25%
Кто впервые появился в 1940-м году в мультфильме "Дикий кролик"? Багз Банни
22%
Какое слово представители нефтяной отрасли произносят с ударением не на второй слог, а на первый? добыча
19%
Как с латинского переводится слово "canis"? собака
19%
Какой фильм был снят Фрэнком Дарабонтом на основе книги Стивена Кинга и получил "Оскар"? "Побег из Шоушенка"
16%
8% территории какой страны занимает озеро с одноимённым названием? Никарагуа
13%
Как называется розовая дуга на ногте? лунула
9%
No matching quizzes found
Score Distribution
Percent of People with Each Score
Percentile by Number Answered
Your Score History
You have not taken this quiz